000 00648nam a2200193Ia 4500
003 LDD
008 190117s9999 xx 000 0 und d
020 _c₹100
040 _cLDD
041 _ahi
082 _a8H1.709 नि6401
100 _aतिवारी, विश्वनाथ प्रसाद
245 0 _aनिराला
_cविश्वनाथ प्रसाद तिवारी
260 _aइलाहाबाद
_bलोकभारती
_c1997
300 _axii,128
901 _aHBC
904 _aReqst by : सत्यकाम
942 _2ddc
_cH
999 _c160448
_d160448